000
00334nam a22001337a 4500
008
260601b |||||||| |||| 00| 0 eng d
020
_a
9789381275498
082
_a
001930
100
_a
Venkateshacharya,B
245
_a
Bhavaratnakosha
260
_a
Bangalore
_b
Poornaprajna Samshodhana Mandiram
_c
2016
300
_a
254p
942
_2
ddc
999
_c
1505
_d
1505